000 01110nam0a2200289 4500
001 RU\NLR\bibl\401962
005 20250622164334.0
010 _a5-17-016359-2
_916000
021 _aRU
_b2003-14847
_9693
035 _a(NLR Aleph) 000396116
090 _a546015
_c546015
100 _a20030523d2003 |||y0rusy50 ca
101 1 _arus
_ceng
102 _aRU
105 _ay |||||||||
200 1 _aПлененные сердца
_e[Сб.
_fПер. с англ. М.А. Фокиной]
210 _aМ.
_cАСТ
_d2003
215 _a348, [1] с.
_d16
225 1 _aСерия "Мини-Шарм"
_vВып. 516
327 1 _aСодерж.: Безумный, безнравственный и опасный / Мэри Джо Патни. Антагонисты / Джоан Вулф. Клад / Эдит Дэйтон. Отцы и дочери / Патриция Райс. Распутник / Мэри Бэлоу
686 _aШ6(7США)67-440.4я43{Лх1979-50сб}
801 0 _aRU
_bNLR
_c20030523
_gPSBO
801 1 _aRU
_bNLR
_c20030523
942 _cBOOK
980 _aNB